| 000 | 00491cam a2200145 4500500 | ||
|---|---|---|---|
| 005 | 20251228074219.0 | ||
| 041 | _afre | ||
| 042 | _adc | ||
| 100 | 1 | 0 |
_aLamy, Isabelle _eauthor |
| 245 | 0 | 0 | _aListe des abréviations couramment utilisées dans L'Année balzacienne |
| 260 | _c2012. | ||
| 500 | _a93 | ||
| 786 | 0 | _nL'Année balzacienne | 12 | 1 | 2012-03-01 | p. 4-4 | 0084-6473 | |
| 856 | 4 | 1 | _uhttps://shs.cairn.info/revue-l-annee-balzacienne-2011-1-page-4?lang=fr&redirect-ssocas=7080 |
| 999 |
_c1597206 _d1597206 |
||